| 000 | 01250nam a22002657a 4500 | ||
|---|---|---|---|
| 005 | 20240530110542.0 | ||
| 008 | 150801s2012 ua o g b 000 0 ara d | ||
| 017 |
_a2011/4/1478 _bالاردن . دائرة المكتبات الوطنية |
||
| 020 | _a9789957247584 | ||
| 040 | _aEG-CaGPL | ||
| 082 | 0 | 4 |
_221 _a960/ _bز ت |
| 100 | 0 | _aزمان عبيد وناس . | |
| 245 | 1 | 0 |
_aتاريخ علاقات العرب مع افريقيا : _bجنوب الصحراء / _cزمان عبيد وناس ، هاشم ناصر حسين الكعبى . |
| 250 | _aط 1. | ||
| 260 |
_aعمان : _bدار صفاء للنشر و التوزيع ، _c2012 . |
||
| 300 |
_a192 ص : _bايض؛ _c24 سم . |
||
| 504 | _aببليوجرافيات ص 175 - 192 | ||
| 651 | 0 | 4 |
_aالعالم العربى _xالعلاقات الخارجيه . |
| 651 | 0 | 4 |
_aالعالم العربى _xالعلاقات الخارجيه _zافريقيا . |
| 651 | 0 | 4 |
_aالعالم العربى _xالعلاقات السياسيه _zافريقيا . |
| 651 | 0 | 4 |
_aالعالم العربى _xالاحوال الدينية _zافريقيا . |
| 700 | 0 |
_aهاشم ناصر حسين الكعبى _eمؤلف مشارك |
|
| 942 |
_2ddc _cBK |
||
| 999 |
_c62287 _d62287 |
||